Policy formulation and administration : (Record no. 97993)

MARC details
000 -LEADER
fixed length control field 00752cam a2200229 a 4500
008 - FIXED-LENGTH DATA ELEMENTS--GENERAL INFORMATION
fixed length control field
020 ## - INTERNATIONAL STANDARD BOOK NUMBER
International Standard Book Number 025603012X (pbk.)
049 ## - LOCAL HOLDINGS (OCLC)
Holding library MAIN
090 ## - LOCALLY ASSIGNED LC-TYPE CALL NUMBER (OCLC); LOCAL CALL NUMBER (RLIN)
Classification number (OCLC) (R) ; Classification number, CALL (RLIN) (NR) HD31
Local cutter number (OCLC) ; Book number/undivided call number, CALL (RLIN) POL
003 - CONTROL NUMBER IDENTIFIER
control field
005 - DATE AND TIME OF LATEST TRANSACTION
control field 20230120145420.0
040 ## - CATALOGING SOURCE
Transcribing agency NUST
245 00 - TITLE STATEMENT
Title Policy formulation and administration :
Remainder of title a casebook of senior management problems in business /
Statement of responsibility, etc. C. Roland Christensen... [et al.].
250 ## - EDITION STATEMENT
Edition statement 9th ed.
260 ## - PUBLICATION, DISTRIBUTION, ETC.
Place of publication, distribution, etc. Homewood, Ill. :
Name of publisher, distributor, etc. R.D. Irwin,
Date of publication, distribution, etc. 1985.
300 ## - PHYSICAL DESCRIPTION
Extent xiii, 867 p. :
Other physical details ill. ;
Dimensions 24 cm.
500 ## - GENERAL NOTE
General note Includes bibliographical references.
650 #0 - SUBJECT ADDED ENTRY--TOPICAL TERM
Topical term or geographic name entry element Industrial management
General subdivision Case studies.
700 ## - ADDED ENTRY--PERSONAL NAME
Personal name Christensen, Ronald C.
907 ## - LOCAL DATA ELEMENT G, LDG (RLIN)
a .b1027764x
b 07-06-10
c 02-06-10
942 ## - ADDED ENTRY ELEMENTS (KOHA)
Koha item type Ordinary Loan Books
Call number prefix HD31
Call number suffix POL
Holdings
Date last seen Total Checkouts Full call number Barcode Cost, replacement price Price effective from Koha item type Lost status Source of classification or shelving scheme Damaged status Not for loan Collection Withdrawn status Home library Current library Shelving location Date acquired Cost, normal purchase price
01/20/2023   HD31 CHR 92004013365 80.00 01/20/2023 BOOKS   LCC     NFIC   GSB GSB GEN 01/20/2023 80.00